|
|
|
|
| LEADER |
00000nab a2200000 a 4500 |
| 001 |
vtls000829179 |
| 003 |
SK-MaSNL |
| 005 |
20260304121809.0 |
| 008 |
250429c2003 xo 0 slo |
| 015 |
|
|
|a SNBRB2003/03-08846
|
| 035 |
|
|
|a CLN000180834
|
| 035 |
|
|
|a urn:nbn:sk:snk-abbw71
|
| 035 |
|
|
|a (urnnbn)urn:nbn:sk:snk:ar-001161
|
| 035 |
|
|
|a (uuid)8e351177-c79c-4983-bb04-ccf106d41d1d
|
| 040 |
|
|
|a SNKBUCL
|b slo
|c SNKBUCL
|e AACR2
|
| 041 |
0 |
|
|a slo
|
| 044 |
|
|
|a xo
|c SK
|
| 080 |
|
|
|a 37.03
|2 1997
|
| 080 |
|
|
|a 37.017
|2 1997
|
| 100 |
1 |
|
|a Koldeová, Lujza,
|d 1974-
|4 aut
|9 21881
|
| 245 |
1 |
0 |
|a Čo je ideálna výchova
|c Lujza Koldeová
|
| 650 |
0 |
7 |
|a výchova
|2 snkbucl
|9 957
|
| 655 |
|
7 |
|a články z novín a časopisov
|2 snkbucl
|9 267496
|
| 773 |
0 |
|
|t Rodina a škola
|g Roč. 51, č. 3 (2003), s. 13
|x 0231-6463
|
| 850 |
|
|
|a Slovenská národná knižnica
|
| 852 |
|
|
|a Slovenská národná knižnica
|
| 954 |
|
|
|a odborná, vedecká literatúra pôvodná (slovenská)
|2 lita
|
| 958 |
|
|
|a article15
|
| 958 |
|
|
|a OND
|
| 958 |
|
|
|a SK
|
| 958 |
|
|
|a EUIPO
|
| 992 |
|
|
|a RBX
|
| 999 |
|
|
|c 2887027
|d 2888957
|